000 00780nam a22002537a 4500
005 20170124105926.0
010 _aA-933448
020 _c75.00
_a8120312104
035 h _aA-933448
037 _bCen Lib/Ret
040 _aDPL
_bEN
082 _a330
_bNEL
100 _aNellis, Joseph G.
_96520
245 _aEssence of business economics /
_cby Joseph G. Nellis [and] David Parker
246 _b
260 _bPrentice Hall of India
_c1992
_aNew Delhi
270 _bNew Delhi
_aM-97, Connaught Circuss
_e110001
300 _aix,230p.
_c20cm(Hb)
500 _aIncludes bibliographical references and index
650 _aEconomics
_972320
650 _aManagerial economics
_96661
700 _aParker, David
_96524
942 _2ddc
_cEN
_h330
_mNEL
999 _c123501
_d123501